000 00350nam a22001337a 4500
008 170823b xxu||||| |||| 00| 0 eng d
020 _a08176331889
041 _aeng
080 _a51
100 _a38
101 _aMAT
245 _aLINEAR DIFFERENTIAL EQUATIONS AND GROUPS THEORY FROM RIEMANN TO POINCRE
_cBIRKHAUSER,P
942 _2udc
_cBK
999 _c24711
_d24711